Coastal or Landlocked? - Statistics

General Stats
  • This quiz has been taken 37 times
  • The average score is 44 of 50
Answer Stats
Question Tile Select % Correct
the coastal countries. Canada Yes
100%
the coastal countries. Chad No
100%
the coastal countries. Croatia Yes
100%
the coastal countries. India Yes
100%
the coastal countries. Kiribati Yes
100%
the coastal countries. Samoa Yes
100%
the coastal countries. Uganda No
100%
the coastal countries. Bolivia No
97%
the coastal countries. Estonia Yes
97%
the coastal countries. Moldova No
97%
the coastal countries. Peru Yes
97%
the coastal countries. San Marino No
97%
the coastal countries. Tanzania Yes
97%
the coastal countries. Tunisia Yes
97%
the coastal countries. Turkmenistan No
97%
the coastal countries. Zambia No
97%
the coastal countries. Kazakhstan No
94%
the coastal countries. Monaco Yes
94%
the coastal countries. Myanmar Yes
94%
the coastal countries. Ethiopia No
91%
the coastal US states. Iowa No
91%
the coastal US states. Kansas No
91%
the coastal US states. Montana No
91%
the coastal US states. West Virginia No
91%
the coastal US states. Alaska Yes
88%
the coastal US states. Arkansas No
88%
the coastal US states. California Yes
88%
the coastal countries. Ghana Yes
88%
the coastal US states. Hawaii Yes
88%
the coastal US states. Indiana No
88%
the coastal US states. Wyoming No
88%
the coastal US states. Florida Yes
85%
the coastal US states. New Mexico No
85%
the coastal US states. Ohio No
85%
the coastal US states. Alabama Yes
82%
the coastal countries. Bosnia and Herzegovina Yes
82%
the coastal countries. Ukraine Yes
82%
the coastal US states. Wisconsin No
82%
the coastal US states. Connecticut Yes
79%
the coastal countries. Iraq Yes
79%
the coastal US states. Louisiana Yes
79%
the coastal US states. Michigan No
79%
the coastal US states. Mississippi Yes
79%
the coastal US states. New Jersey Yes
79%
the coastal US states. Pennsylvania No
79%
the coastal US states. Texas Yes
79%
the coastal US states. Vermont No
79%
the coastal US states. Virginia Yes
79%
the coastal countries. Jordan Yes
73%
the coastal US states. New Hampshire Yes
42%
No matching quizzes found
Score Distribution
Percent of People with Each Score
Percentile by Number Answered
Your Score History
You have not taken this quiz